Procedures in clinical chemistry (Record no. 3309)
[ view plain ]
| 000 -LEADER | |
|---|---|
| fixed length control field | 00760nac a22002171u 4500 |
| 010 ## - LIBRARY OF CONGRESS CONTROL NUMBER | |
| LC control number | 73175715 |
| 020 ## - INTERNATIONAL STANDARD BOOK NUMBER | |
| International Standard Book Number | 0397502931 |
| 082 00 - DEWEY DECIMAL CLASSIFICATION NUMBER | |
| Classification number | 616.0756 |
| Item number | P18 |
| 090 ## - LOCALLY ASSIGNED LC-TYPE CALL NUMBER (OCLC); LOCAL CALL NUMBER (OCLC) | |
| -- | 3309 |
| -- | 3309 |
| 100 ## - MAIN ENTRY--PERSONAL NAME | |
| Personal name | Palma, Anthony V. |
| 245 10 - TITLE STATEMENT | |
| Title | Procedures in clinical chemistry |
| Statement of responsibility, etc | [by] Anthony V. Palma. |
| 260 ## - PUBLICATION, DISTRIBUTION, ETC. (IMPRINT) | |
| Place of publication, distribution, etc | Philadelphia, |
| Name of publisher, distributor, etc | Lippincott |
| Date of publication, distribution, etc | [c1971] |
| 300 ## - PHYSICAL DESCRIPTION | |
| Extent | x, 109 p. |
| Other physical details | illus. |
| Dimensions | 21 cm. |
| 500 ## - GENERAL NOTE | |
| General note | Donations. |
| 500 ## - GENERAL NOTE | |
| General note | Donations - Bibliotheca Alexandrina. |
| 504 ## - BIBLIOGRAPHY, ETC. NOTE | |
| Bibliography, etc | Includes bibliographies. |
| 650 #0 - SUBJECT ADDED ENTRY--TOPICAL TERM | |
| Topical term or geographic name as entry element | Clinical chemistry |
| General subdivision | Laboratory manuals. |
| 700 ## - ADDED ENTRY--PERSONAL NAME | |
| Personal name | Palma, Anthony V. |
| 942 ## - ADDED ENTRY ELEMENTS (KOHA) | |
| Item type | Book - Borrowing |
| Call number prefix | 616.0756P18 |
| Withdrawn status | Item status | Source of classification or shelving scheme | Damaged status | Not for loan | Home library | Current library | Shelving location | Date acquired | Source of acquisition | Total Checkouts | Full call number | Barcode | Date last seen | Koha item type |
|---|---|---|---|---|---|---|---|---|---|---|---|---|---|---|
| Dewey Decimal Classification | Central Library | Central Library | First floor | 03/04/2007 | Purchase | 616.0756 PAL | 000030304 | 15/07/2025 | Book - Borrowing |